书目信息 |
| 题名: |
视差之见
|
|
| 作者: | 齐泽克 著 ;季广茂, 译 | |
| 分册: | ||
| 出版信息: | 杭州 浙江大学出版社 2014.12 |
|
| 页数: | 629页 | |
| 开本: | 23cm | |
| 丛书名: | 齐泽克作品系列 | |
| 单 册: | ||
| 中图分类: | B555.4 | |
| 科图分类: | ||
| 主题词: | 哲学理论--zhe xue li lun--斯洛文尼亚--现代 | |
| 电子资源: | ||
| ISBN: | 978-7-308-13956-4 | |
| 000 | 01080nam 2200277 450 | |
| 001 | 2052158400 | |
| 005 | 20201106142928.79 | |
| 010 | @a978-7-308-13956-4@dCNY79.00 | |
| 100 | @a20150205d2014 em y0chiy50 ea | |
| 101 | 1 | @achi@ceng |
| 102 | @aCN@b330000 | |
| 105 | @ay z 000yy | |
| 200 | 1 | @a视差之见@Ashi cha zhi jian@d= The parallax view@f(斯洛文尼亚) 斯拉沃热·齐泽克著@g季广茂译@zeng |
| 210 | @a杭州@c浙江大学出版社@d2014.12 | |
| 215 | @a629页@d23cm | |
| 225 | 2 | @a齐泽克作品系列@Aqi ze ke zuo pin xi lie |
| 330 | @a本书主要内容包括: 主体, 这个“在内心行过割礼的犹太人” ; 用以堆积唯物主义神学的砌块 ; 难以承受的神圣狗屎之重 ; 自由之回环 ; 从剩余价值到剩余权力等。 | |
| 410 | 0 | @12001 @a齐泽克作品系列 |
| 500 | 10 | @aParallax view@mChinese |
| 600 | 1 | @a齐泽克@Aqi ze ke@g(Zizek, Slavoj),@f1949-@x哲学理论 |
| 606 | 0 | @a哲学理论@Azhe xue li lun@y斯洛文尼亚@z现代 |
| 690 | @aB555.4@v5 | |
| 701 | 0 | @a齐泽克@Aqi ze ke@g(Zizek, Slavoj),@f1949-@4著 |
| 702 | 0 | @a季广茂,@Aji guang mao@f1963-@4译 |
| 801 | 0 | @aCN@b人天书店@c20201024 |
| 905 | @aZUCC@dB555.4@eQ083 | |
| 视差之见= The parallax view/(斯洛文尼亚) 斯拉沃热·齐泽克著/季广茂译.-杭州:浙江大学出版社,2014.12 |
| 629页;23cm.-(齐泽克作品系列) |
| ISBN 978-7-308-13956-4:CNY79.00 |
| 本书主要内容包括: 主体, 这个“在内心行过割礼的犹太人” ; 用以堆积唯物主义神学的砌块 ; 难以承受的神圣狗屎之重 ; 自由之回环 ; 从剩余价值到剩余权力等。 |
| ● |
| 相关链接 |
|
|
|
正题名:视差之见
索取号:B555.4/Q083
 
预约/预借
| 序号 | 登录号 | 条形码 | 馆藏地/架位号 | 状态 | 备注 |
| 1 | 1482629 | 214826296 | 社科库509/509社科库 18排2列3层/ [索取号:B555.4/Q083] | 在馆 | |
| 2 | 1482630 | 214826303 | 社科库509/509社科库 18排2列3层/ [索取号:B555.4/Q083] | 在馆 | |
| 3 | 1482631 | 214826312 | 社科库509/509社科库 18排2列3层/ [索取号:B555.4/Q083] | 在馆 |